[Event "Schaakweek Apeldoorn GM 2018"]
[Site "Apeldoorn"]
[Date "2018.06.13"]
[Round "7"]
[White "Kuipers, Stefan"]
[Black "Hillarp Persson, Tiger"]
[Result "0-1"]
[WhiteElo "2477"]
[BlackElo "2546"]
[Annotator "TA"]
[PlyCount "152"]
[EventDate "2018.06.12"]
[EventType "tourn"]
[EventCountry "NED"]
[SourceTitle "playchess.com"]
[Source "ChessBase"]
[SourceQuality "1"]

{[%evp 20,151,32,15,30,25,7,6,9,14,11,22,66,35,43,33,58,51,93,97,95,94,181,172,187,181,200,209,202,202,193,215,200,21,20,-279,-276,-312,-202,-276,-313,-321,-325,-329,-314,-318,-329,-317,-312,-308,-314,-285,-258,-219,-219,-218,-218,-331,-331,-331,-329,-329,-322,-402,-396,-331,-234,-234,-234,-443,-443,-404,-324,-404,-404,-396,-297,-279,-275,-241,-221,-390,-319,-316,-315,-390,-383,-352,-351,-396,-396,-396,-396,-396,-396,-396,-392,-29962,-29962,-11739,-10989,-29965,-29969,-29966,-29966,-29977,-29977,-29981,-29977,-29976,-29978,-29978,-29979,-29979,-29980,-29980,-29981,-29981,-29981,-29982,-29983,-29983,-29983,-29986,-29987,-29993,-29992,-29993,-29994,-29994,-29995,-29995,-29996,-29999]} 1. e4 c5 2. Nf3 d6 3. Nc3 Nc6 4. d4 cxd4 5. Nxd4 Nf6 6. Bg5 e6 7. Qd3 a6 8. O-O-O Bd7 9. Be2 Rc8 {B62: Sicilian: Richter-Rauzer: 6...e6: Unusual White 7th moves} 10. Nxc6 Bxc6 11. f4 {LiveBook: 3 Games} h6 {The position is equal.} 12. Bh4 Be7 13. Bf3 {[#]} O-O $146 ({Predecessor:} 13... b5 14. Ne2 O-O 15. Bxf6 Bxf6 16. Qxd6 {0-1 (27) Danin,A (2519)-Van Wely,L (2641) Moscow 2010}) 14. f5 Qa5 15. Kb1 b5 16. fxe6 fxe6 17. Ne2 Be8 18. Nd4 $1 Bf7 {[#]} 19. e5 $1 $36 {[%cal Re5f6][%mdl 2560] White is in control.} dxe5 20. Nc6 Rxc6 (20... Qc7 $16 {might work better.}) 21. Bxc6 $18 Rc8 22. Bxf6 gxf6 23. Qg3+ Kf8 24. Bd7 Rc7 25. Qh3 $1 {[%csl LRe6,LRh6][%cal Rh3h6]} Qa4 26. b3 $2 (26. Bxe6 $6 Bxe6 27. Qxe6 Qxc2+ 28. Ka1 Qc6 $16) ({Better is} 26. c3 $18) 26... Qf4 $1 $11 27. Qd3 $2 {[%mdl 8192] [#]} (27. Bxe6 $11 {and White is okay.} Bg6 28. Rd3) 27... e4 $1 $19 {[%cal Re4d3]} 28. Qh3 f5 {Strongly threatening ...Bg5.} 29. g4 Bf6 30. Qg3 ({Don't blunder} 30. gxf5 $2 Qe5 $19) 30... Qxg3 31. hxg3 Ke7 32. Rxh6 e3 33. Bxe6 Bxe6 34. Rh7+ Bf7 35. Re1 Bg5 ({Weaker is} 35... fxg4 36. Rxe3+ Kf8 37. Rh2 $17) 36. gxf5 Kf6 37. g4 Re7 {[%mdl 1024] Black has strong compensation.} 38. c3 (38. Kb2 {was worth a try.}) 38... Re4 39. Rh3 Bd5 40. Kc2 Rxg4 {Hoping for ...Rg2+.} 41. Rhxe3 Bxe3 42. Rxe3 {[%mdl 4096] Endgame KRB-KR} Be4+ 43. Kb2 Kxf5 44. a4 $2 (44. Rh3) 44... bxa4 45. bxa4 Bd5 46. Rh3 Rxa4 47. c4 Bb7 48. Rh7 Bc8 ({Inferior is} 48... Rxc4 49. Rxb7 Rh4 50. Rb3 $11) 49. Kb3 Ra1 50. Rc7 $2 (50. Kb2 Rg1 51. Rc7) 50... Be6 51. Rc5+ {[#]} Kf6 $1 52. Kb2 Rh1 53. Rc6 a5 {[%cal Ba6a5,Ba5a4][%mdl 32]} 54. Ra6 Rh5 55. Rb6 Ke7 56. Rb5 Rh2+ 57. Ka3 Rh3+ 58. Kb2 $2 (58. Rb3 $19 Rh8 59. Ka4) 58... a4 59. Ra5 Bd7 60. Ra6 Rb3+ {Black mates.} 61. Ka2 Rc3 62. Rh6 Be6 63. Rh4 Bxc4+ 64. Kb2 Rb3+ 65. Ka2 Bb5 66. Rd4 Ke6 67. Rd2 Ke5 68. Ka1 Bd3 69. Ka2 Kd4 70. Rh2 Kc3 71. Rh3 Rb2+ 72. Ka1 Rb1+ 73. Ka2 Rd1 74. Rg3 {[#]} a3 $1 75. Rh3 (75. Kxa3 Ra1#) 75... Kb4 76. Rh1 Bc4# {Precision: White = 47%, Black = 74%.} 0-1

[Event "Schaakweek Apeldoorn GM 2018"]
[Site "Apeldoorn"]
[Date "2018.06.13"]
[Round "7"]
[White "Beerdsen, Thomas"]
[Black "Gascon Del Nogal, Jose Rafael"]
[Result "1/2-1/2"]
[WhiteElo "2454"]
[BlackElo "2470"]
[Annotator "TA"]
[PlyCount "148"]
[EventDate "2018.06.12"]
[EventType "tourn"]
[EventCountry "NED"]
[SourceTitle "playchess.com"]
[Source "ChessBase"]
[SourceQuality "1"]

{[%evp 17,148,53,50,14,6,16,12,15,45,20,102,77,105,96,110,90,99,113,102,66,64,14,25,14,18,0,0,0,0,0,0,-4,-6,-6,0,0,0,0,0,0,0,0,0,0,0,0,0,-9,-11,-14,-8,-27,-27,-55,-15,-95,-94,-119,0,-7,0,0,0,0,0,0,0,0,0,0,0,0,0,0,0,0,0,0,0,0,0,0,0,0,0,0,0,0,0,0,0,0,0,0,0,-36,-53,-120,0,0,0,0,0,0,0,0,0,0,0,0,0,0,0,0,0,0,0,0,0,0,0,0,0,0,0,0,0,0,0,0,0,0,0]} 1. e4 e5 2. Nf3 Nc6 3. d4 exd4 4. Nxd4 Bc5 5. Be3 Bxd4 6. Bxd4 Nf6 7. Nc3 O-O 8. Bxf6 Qxf6 9. Qd2 {C45: Scotch Game} d5 {LiveBook: 4 Games} 10. O-O-O dxe4 11. Nxe4 Qe7 $146 12. Qf4 a5 13. a3 a4 (13... Ne5 $11) 14. Bb5 Nd8 {[%cal Bc6d8,Bd8e6,Be6f4,Bf4d3][%mdl 32]} 15. Rhe1 Ne6 16. Qg3 Ra5 17. Bc4 Rf5 18. Bd3 Nf4 19. Kb1 Nxd3 20. Qxd3 Be6 21. f3 Re5 22. f4 Rd5 23. Qe2 Rxd1+ 24. Qxd1 Rd8 25. Qe2 h6 26. Nc3 {[#] Threatens to win with f5.} Qc5 27. g3 Rd4 28. Qe5 Qxe5 29. Rxe5 $11 {[%mdl 4096] Endgame KRB-KRN} Rd2 30. Re2 Rxe2 31. Nxe2 {KB-KN} Kh7 32. Kc1 Kg6 33. Kd2 Kf5 34. Ke3 Kg4 35. Kf2 Bf5 36. c3 (36. Nd4 $11 {keeps the balance.} Bh7 37. Nb5) 36... Kh3 $17 37. Kg1 c5 (37... Bd7 $17) 38. c4 $11 Bd7 (38... Bd3 $5 39. Nc3 $8 Bc2 $11) 39. Nc3 Bc6 40. Nd1 $1 {[%cal Rd1f2]} Kg4 41. Kf2 Kf5 42. Ke3 g5 43. fxg5 hxg5 44. Nf2 b6 45. Nd1 Ke5 46. Nf2 Bd7 47. Nd3+ Kf5 48. Nf2 Be6 49. Ne4 Kg4 $1 50. Nf2+ Kh5 51. Kd3 f5 52. Kc3 Bg8 53. Kd3 $1 Bf7 54. Kc3 $1 Kg6 55. Kd3 Kf6 56. Kc3 Ke5 57. Kd3 {[#]} (57. Nh3 $1 $15) 57... f4 (57... Bg6 $1 $17 58. Kc3 f4) 58. Ng4+ {The position is equal.} Kd6 59. gxf4 $1 gxf4 60. Ke4 {aiming for Ne5.} Bxc4 61. Kxf4 b5 {[%cal Bb6b5,Bb5b4][%mdl 32]} 62. Ke3 b4 63. Kd2 Be6 64. Ne3 Ke5 65. Nc2 Bf5 66. axb4 Bxc2 67. Kxc2 cxb4 {KPP-KPP} 68. Kd3 a3 69. bxa3 bxa3 {( -> ...a2). KP-KP} 70. Kc2 Kf4 (70... a2 $5 71. Kb2 $8 Kf6 $11) 71. Kb3 Kg4 72. h4 a2 73. Kb2 Kh5 74. Kxa2 Kxh4 {Precision: White = 68%, Black = 77%.} 1/2-1/2

[Event "Schaakweek Apeldoorn GM 2018"]
[Site "Apeldoorn"]
[Date "2018.06.14"]
[Round "8"]
[White "Hillarp Persson, Tiger"]
[Black "Ten Hertog, Hugo"]
[Result "1/2-1/2"]
[WhiteElo "2546"]
[BlackElo "2453"]
[Annotator "TA"]
[PlyCount "58"]
[EventDate "2018.06.12"]
[EventType "tourn"]
[EventCountry "NED"]
[SourceTitle "playchess.com"]
[Source "ChessBase"]
[SourceQuality "1"]

{[%evp 9,58,25,27,19,18,0,8,-4,-2,-15,-6,-10,4,-74,-50,-49,-45,-61,-50,-94,-33,-27,0,0,0,-64,0,0,0,0,0,0,0,0,0,0,0,0,0,0,0,0,0,0,0,0,0,0,0,0,0]} 1. d4 g6 2. e4 Bg7 3. c4 e6 4. Nc3 Ne7 5. d5 (5. Nf3 d5 6. e5 Nbc6 7. Be2 h6 8. O-O O-O 9. Re1 b6 10. cxd5 Nxd5 11. Nxd5 Qxd5 12. Bd3 {1-0 (60) Onischuk,A (2681)-Ipatov,A (2665) Saint Louis 2018}) 5... d6 6. Nf3 {A40: Unusual replies to 1 d4} O-O 7. Be2 Na6 $146 ({Predecessor:} 7... e5 8. O-O Nd7 9. b4 f5 10. Ng5 Nf6 11. f3 h6 12. Ne6 Bxe6 13. dxe6 {1-0 (42) Adamski,J (2415)-Seliger,B Decin 1976}) 8. O-O Nc5 9. Nd4 f5 10. exf5 Nxf5 11. Nc2 (11. Nxf5 $11 {keeps the balance.} exf5 12. Be3) 11... a5 12. Rb1 Qe7 13. Ne3 Nd4 14. dxe6 Nxe2+ (14... c6 $17 15. b3 Bxe6) 15. Nxe2 $15 {And now Nd5 would win.} Qxe6 16. b3 Qe4 17. Rb2 (17. Bb2 $11) 17... Nd3 (17... Bxb2 $15 18. Bxb2 a4) 18. Ng3 $11 {The position is equal.} Nxb2 ({Not} 18... Qd4 $2 19. Rd2 $18) 19. Bxb2 Qe7 20. Nd5 $1 {[%cal Rd5e7]} Qf7 21. Bxg7 Qxg7 22. Re1 $1 Bf5 23. Ne7+ Kh8 24. Nexf5 gxf5 25. Nh5 Qc3 {aiming for ...Rae8.} 26. Re3 $1 {[%cal Re3c3]} Qb2 {Hoping for ...Rfe8.} 27. Re2 Qc3 28. Re3 Qb2 {...Rfe8 is the strong threat.} 29. Re2 $1 {[%cal Re2b2]} Qc3 {Precision: White = 50%, Black = 72%.} 1/2-1/2

[Event "Schaakweek Apeldoorn GM 2018"]
[Site "Apeldoorn"]
[Date "2018.06.14"]
[Round "8"]
[White "Praggnanandhaa R"]
[Black "Beerdsen, Thomas"]
[Result "1-0"]
[WhiteElo "2507"]
[BlackElo "2454"]
[Annotator "TA"]
[PlyCount "85"]
[EventDate "2018.06.12"]
[EventType "tourn"]
[EventCountry "NED"]
[SourceTitle "playchess.com"]
[Source "ChessBase"]
[SourceQuality "1"]

{[%evp 10,85,34,26,37,35,28,10,11,14,0,-19,-26,-52,0,-10,-16,-11,0,0,17,20,20,26,11,16,72,84,96,13,66,57,75,71,102,99,95,97,121,129,129,124,253,235,349,353,349,333,600,618,620,620,615,633,767,760,1073,1059,1050,1030,1023,1002,983,898,1325,1331,1261,1220,1977,1588,2008,1935,29979,29980,29981,29982,29984,29985]} 1. Nf3 f5 2. d3 Nf6 3. e4 d6 4. exf5 (4. Nc3 Nc6 5. exf5 Bxf5 6. d4 Nb4 7. Bb5+ c6 8. Ba4 g6 9. O-O Bg7 10. Ne2 O-O 11. Ng3 Bd7 {1-0 (37) Ding,L (2777)-Zhang,Z (2634) China 2016}) 4... Bxf5 5. d4 Qd7 6. Bd3 {LiveBook: 3 Games. A04: Unusual lines after 1 Nf3 and King's Indian Attack} Nc6 7. O-O e5 8. Bxf5 {White has an edge.} (8. Bb5 {is more complex.} a6 9. Ba4 b5 10. Bb3 e4 11. Nh4) 8... Qxf5 9. c4 e4 10. Ne1 $146 ({Predecessor:} 10. Nh4 Qd7 11. Nc3 O-O-O {1-0 (37) Grigoryan,K (2555)-Srijit,P (2247) Barcelona 2017}) 10... d5 11. c5 Be7 ({Black should try} 11... b6 $15 12. b4 Be7) 12. Nc2 O-O 13. Nc3 Rf7 14. f3 {Hoping for fxe4.} Qd7 15. fxe4 dxe4 16. Be3 Raf8 17. Qe2 Ng4 {[#]} (17... b6 $11 {keeps the balance.}) 18. Rxf7 $1 $16 Rxf7 19. h3 (19. Rd1 $16) 19... Nf6 ({Better is} 19... Nxe3 $11 20. Qxe3 Bh4 21. Qxe4 (21. Nxe4 Qd5 $11) 21... Bf2+ 22. Kh2 Bxd4) 20. Rd1 Nd5 21. Nxe4 {[%cal Bc3e4,Be4g5,Bg5e6][%mdl 32]} Bh4 22. Bg5 Bxg5 23. Nxg5 Re7 {[#]} 24. Qd3 $1 {[%cal Rd3h7]} g6 25. Rf1 Qe8 (25... Nd8 $16 {was worth a try.} 26. Qb3 c6) 26. Qf3 $40 {[%mdl 128] White has strong attack.} Rd7 (26... Ne3 $142) 27. Ne6 Qf7 28. Qe2 Qe7 $2 (28... Nf6 29. g4 h6) 29. Rf8+ Qxf8 30. Nxf8 Kxf8 31. Qb5 Nf4 32. Qxb7 Ne2+ 33. Kh2 Ncxd4 34. Nxd4 Nxd4 {[%mdl 4096] Endgame KQ-KRN} 35. c6 {Threatening mate with Qc8+.} Re7 36. Qxa7 Nf5 37. a4 {[%cal Ba2a4,Ba4a5][%mdl 32]} h5 38. h4 Nh6 39. a5 Re3 40. Qb8+ Kf7 41. Qxc7+ {White mates.} Ke6 42. Qd7+ Ke5 43. Qg7+ {Precision: White = 77%, Black = 24%.} 1-0

[Event "Schaakweek Apeldoorn GM 2018"]
[Site "Apeldoorn"]
[Date "2018.06.14"]
[Round "8"]
[White "Kuipers, Stefan"]
[Black "Pijpers, Arthur"]
[Result "1-0"]
[WhiteElo "2477"]
[BlackElo "2479"]
[Annotator "TA"]
[PlyCount "77"]
[EventDate "2018.06.12"]
[EventType "tourn"]
[EventCountry "NED"]
[SourceTitle "playchess.com"]
[Source "ChessBase"]
[SourceQuality "1"]

{[%evp 22,77,-7,-18,30,0,6,-26,6,13,22,6,56,58,75,43,43,53,108,-174,106,79,114,108,116,112,116,118,220,208,214,213,213,204,258,244,250,224,267,267,291,286,416,403,1108,456,432,437,486,473,448,440,583,447,471,476,520,474]} 1. e4 c5 2. Nf3 d6 3. Nc3 Nc6 4. d4 cxd4 5. Nxd4 g6 6. Be3 Bg7 7. Qd2 Nf6 8. f3 O-O 9. O-O-O d5 10. Nxc6 bxc6 11. Bh6 Bxh6 12. Qxh6 Qd6 {B76: Sicilian Dragon: Yugoslav Attack, 9 g4 and 9 0-0-0} (12... e5 13. Qg5 Qe7 14. f4 h6 15. Qxe5 Qxe5 16. fxe5 Nxe4 17. Nxe4 dxe4 18. Bc4 Bf5 19. Rd6 Kg7 20. h3 {½-½ (58) Savchenko,B (2559)-Kuderinov,K (2442) Kazan 2014}) 13. exd5 $146 ({Predecessor:} 13. Bc4 Qb4 14. Bb3 dxe4 15. a3 Qc5 16. Nxe4 Nxe4 17. fxe4 Bg4 18. Rd2 Qe5 19. Qe3 a5 20. h3 {0-1 (44) Trost,E (1945)-Arman,D (2270) Stockholm 2017}) 13... cxd5 14. Qg5 {[%cal Rc3d5]} (14. Bc4 $5) 14... Rb8 {White must now prevent ...Qb4.Black has an edge.} 15. Nxd5 Nxd5 16. Qxd5 Qf4+ 17. Kb1 Bf5 18. Bc4 Qc7 {...Be6 is the strong threat.} 19. Bb3 $36 {[%mdl 2048] White has the initiative.} a5 (19... Rbd8 $14 20. Qc4 Rxd1+ 21. Rxd1 Qxh2) 20. Rd4 $2 {[%mdl 8192] [#]} (20. Qc4 $16 {stays on course.} Qxc4 21. Bxc4) 20... Be6 $2 ({Better is} 20... Bxc2+ $1 $19 {[%mdl 512]} 21. Ka1 (21. Bxc2 Qb6 $17) 21... Qb6) 21. Qg5 Rfc8 22. Qd2 Qb6 23. g4 Bc4 {[#] And now ...a4! would win.} 24. Qf4 $1 e5 (24... Bxb3 $16 25. cxb3 (25. axb3 a4 $16) 25... Qb5) 25. Qxe5 $18 Bxb3 26. axb3 Qc6 27. Qe4 Qb6 28. Rhd1 Re8 29. Qd3 Rbc8 30. h4 Qf6 31. h5 gxh5 (31... Qe5 {is a better defense.} 32. Rd7 Qh2) 32. gxh5 Rc5 (32... Rb8 $142 33. Rd6 Re6 34. Rxe6 fxe6) 33. Rd5 (33. Rg1+ $142 Kh8 34. Rd6) 33... Rxd5 34. Qxd5 {KQR-KQR} h6 35. Rg1+ Kh7 36. Qxa5 Qd4 37. Re1 Rd8 38. Qf5+ Kh8 39. Qe5+ {Precision: White = 58%, Black = 26%.} 1-0

[Event "Schaakweek Apeldoorn GM 2018"]
[Site "Apeldoorn"]
[Date "2018.06.14"]
[Round "8"]
[White "Gascon Del Nogal, Jose Rafael"]
[Black "Fier, Alexandr"]
[Result "1/2-1/2"]
[WhiteElo "2470"]
[BlackElo "2576"]
[Annotator "TA"]
[PlyCount "39"]
[EventDate "2018.06.12"]
[EventType "tourn"]
[EventCountry "NED"]
[SourceTitle "playchess.com"]
[Source "ChessBase"]
[SourceQuality "1"]

{[%evp 11,39,0,0,0,12,6,0,0,0,0,0,0,0,0,0,0,0,6,12,0,0,0,0,0,0,0,0,0,0,0]} 1. d4 Nf6 2. c4 e6 3. Nc3 Bb4 4. Qc2 O-O 5. Nf3 d5 6. Bg5 {[%cal Bc1g5,Bg5h4,Bh4g3,Bg3e5][%mdl 32]} dxc4 {LiveBook: 3 Partien. Die Stellung ist ausgeglichen. E32: Nimzoindisch (4.Dc2)} (6... h6 7. Bxf6 Qxf6 8. a3 Bxc3+ 9. Qxc3 dxc4 10. Qxc4 Nc6 11. Rd1 Rd8 12. e4 e5 13. d5 Bg4 14. dxc6 Bxf3 {½-½ (49) Mamedyarov,S (2808)-Nakamura,H (2769) Stavanger 2018}) 7. e4 h6 8. Bh4 g5 $146 ({Vorgänger:} 8... c5 9. dxc5 Qa5 10. Bxf6 gxf6 11. Bxc4 Qxc5 12. Be2 Rd8 13. O-O Nc6 14. Rac1 {0-1 (38) Sivuk,V (2479)-Warakomski,T (2466) Polanica Zdroj 2015}) 9. Bg3 g4 10. Nd2 {Schwarz sollte a3 verhindern.} Nc6 {[%cal Bb8c6,Bc6d4,Bd4c2][%mdl 32]} 11. Rd1 Nxd4 12. Qc1 b5 13. Nxc4 bxc4 14. Be5 Bc5 ({Bitte nicht} 14... Bxc3+ $6 15. bxc3 Nh7 16. cxd4 $16 (16. Bxd4 Qg5 $16) (16. Bxc4 Nc2+ 17. Qxc2 Qg5 $16)) 15. Qxh6 Nc2+ 16. Ke2 Nd4+ $1 17. Ke1 Nc2+ 18. Ke2 Nd4+ $1 19. Ke1 Nc2+ 20. Ke2 1/2-1/2

[Event "Schaakweek Apeldoorn GM 2018"]
[Site "Apeldoorn"]
[Date "2018.06.14"]
[Round "8"]
[White "Warmerdam, Max"]
[Black "Ernst, Sipke"]
[Result "1-0"]
[WhiteElo "2370"]
[BlackElo "2555"]
[Annotator "TA"]
[PlyCount "51"]
[EventDate "2018.06.12"]
[EventType "tourn"]
[EventCountry "NED"]
[SourceTitle "playchess.com"]
[Source "ChessBase"]
[SourceQuality "1"]

{[%evp 31,51,50,54,40,41,37,43,66,37,0,515,523,502,511,861,866,856,851,836,817,650,526]} 1. e4 e5 2. Nf3 Nc6 3. Bb5 a6 4. Ba4 Nf6 5. O-O Be7 6. Re1 b5 7. Bb3 d6 8. c3 O-O 9. h3 Bb7 10. d4 Re8 11. Ng5 Rf8 12. Nf3 Qd7 13. Nbd2 {[%cal Bb1d2,Bd2f1,Bf1g3][%mdl 32]} Rae8 14. Nf1 {C92: Spanische Partie (Tschigorin-Variante)} exd4 15. cxd4 Na5 16. Bc2 d5 {[%cal Rd5e4] LiveBook: 4 Partien} 17. Ne5 Qd8 {[%cal Rd5e4]} 18. exd5 Nxd5 19. Ng3 $146 ({Vorgänger:} 19. Qd3 f5 20. a3 c5 21. dxc5 Bxc5 {0-1 (59) Yuan,Y (2157)-Schneider,I (2486) Bad Wiessee 2008}) 19... Nc4 20. Bh6 $40 {[%mdl 128] Droht Dg4 und aus. Weiss greift an.} Nd6 $2 {[%mdl 8192]} (20... Bc8 $11 {und Schwarz ist OK.}) 21. Qg4 $18 {[%csl Gh6][%cal Rg4g7] Weiß steht klar auf Gewinn.} g6 {[#]} 22. Bxg6 $1 {[%mdl 512]} Kh8 {[#]} (22... hxg6 $142 23. Nxg6 Bg5) (22... fxg6 23. Nxg6) 23. Bxh7 $1 {[%csl Gh6][%cal Rg4g7][%mdl 512]} Rg8 (23... Kxh7 24. Qg7#) 24. Bxg8 Rxg8 25. Qh5 {[%cal Rh6f8]} Nf6 {[#]} 26. Qxf7 $1 {[%mdl 512]} 1-0

[Event "Schaakweek Apeldoorn GM 2018"]
[Site "Apeldoorn"]
[Date "2018.06.15"]
[Round "9"]
[White "Fier, Alexandr"]
[Black "Praggnanandhaa R"]
[Result "1-0"]
[WhiteElo "2576"]
[BlackElo "2507"]
[Annotator "TA"]
[PlyCount "62"]
[EventDate "2018.06.12"]
[EventType "tourn"]
[EventCountry "NED"]
[SourceTitle "playchess.com"]
[Source "ChessBase"]
[SourceQuality "1"]

{[%evp 21,62,12,26,19,18,6,20,25,31,-5,0,0,0,0,1,-18,-24,-30,0,-16,-7,-11,24,0,37,48,72,32,69,78,71,69,70,72,72,69,119,114,127,54,38,37,130]} 1. e4 e5 2. Nf3 Nc6 3. Bb5 {[%cal Bf1b5,Bb5a4,Ba4b3,Bb3a2][%mdl 32]} a6 4. Ba4 Nf6 5. O-O b5 6. Bb3 Bb7 7. d3 Be7 8. a3 {C84: Closed Ruy Lopez: Unusual White 6th moves} O-O 9. Nc3 {[%cal Bb1c3,Bc3e2,Be2g3,Bg3f5][%mdl 32]} Nd4 10. Ba2 Nxf3+ 11. Qxf3 d6 {LiveBook: 6 Games} 12. Ne2 $146 ({Predecessor:} 12. Bg5 Qd7 13. Ne2 Nxe4 14. Bxe7 Nc5 15. Bd5 Bxd5 16. Qxd5 Qxe7 {0-1 (48) Caruana,F (2804)-Carlsen,M (2855) Paris 2016}) 12... Bc8 13. Ng3 Be6 14. Nf5 Qd7 15. Bg5 Bxf5 16. exf5 c6 17. Rfe1 Rae8 18. g4 e4 19. Qg2 exd3 20. cxd3 d5 21. Be3 {[%cal Bg5e3,Be3d4,Bd4e5][%mdl 32]} Bd6 22. Rac1 Rc8 23. Qf3 Ne8 24. Rc2 Be7 25. Rce2 Nd6 26. Bd4 Bg5 27. Qg3 {Bc5 is the strong threat.} c5 28. Be5 Nb7 29. d4 c4 30. f4 (30. h4 $16 Bd8 31. Re3) 30... Bd8 $1 $14 {[#] Threatens to win with ...f6.} 31. g5 {And now f6 would win.} Nd6 {Precision: White = 69%, Black = 38%.} ({Don't blunder} 31... Qxf5 $2 32. Bb1 $18) (31... f6 $1 $14 32. gxf6 Rxf6) 1-0

[Event "Schaakweek Apeldoorn GM 2018"]
[Site "Apeldoorn"]
[Date "2018.06.15"]
[Round "9"]
[White "Ernst, Sipke"]
[Black "Gascon Del Nogal, Jose Rafael"]
[Result "1/2-1/2"]
[WhiteElo "2555"]
[BlackElo "2470"]
[Annotator "TA"]
[PlyCount "77"]
[EventDate "2018.06.12"]
[EventType "tourn"]
[EventCountry "NED"]
[SourceTitle "playchess.com"]
[Source "ChessBase"]
[SourceQuality "1"]

{[%evp 19,77,-10,0,-20,9,-33,10,-28,-46,-41,-54,-60,-70,-69,-59,-59,-61,-80,-54,-66,-55,-59,-60,-69,0,0,0,0,0,0,52,52,52,52,52,52,52,52,94,94,91,91,118,52,52,32,32,21,85,85,85,0,0,0,0,0,0,0,0,0]} 1. Nf3 Nf6 2. g3 d5 3. Bg2 e6 4. O-O c5 5. c4 d4 6. e3 Nc6 7. exd4 cxd4 8. d3 Bd6 {A13: English Opening: 1...e6} (8... Be7 9. b3 O-O 10. Na3 e5 11. Nc2 Nd7 12. a3 a5 13. Rb1 Nc5 14. b4 axb4 15. axb4 Na4 16. Bd2 {0-1 (47) Wei,Y (2739)-Karjakin,S (2760) Medias 2017}) 9. a3 a5 10. Nbd2 O-O {LiveBook: 4 Games} 11. Rb1 e5 12. Qc2 $146 Re8 13. c5 Bf8 $1 14. Re1 a4 15. Ng5 h6 16. Nge4 Nxe4 17. Nxe4 Be6 18. f4 $1 Bb3 19. Qf2 $1 f5 {[#]} 20. Nd6 $1 {[%cal Rd6e8][%mdl 512]} Bxd6 21. cxd6 e4 ({Black should try} 21... Qxd6 $15 22. Bd2 Qd7 23. Bxc6 bxc6 24. fxe5 Bc2) 22. dxe4 $11 fxe4 23. Rxe4 Qxd6 24. Bd2 Bd5 (24... Red8 $11) 25. Rxd4 $1 $14 Nxd4 26. Qxd4 Rad8 {[#] And now ...Bxg2 would win.} 27. Bc3 $1 {[%csl Gc3][%cal Rd4g7]} Rd7 $1 {White must now prevent ...Bxg2.} 28. Rd1 Bxg2 29. Qxd6 Rxd6 30. Rxd6 {[%mdl 4096] Endgame KRB-KRB} Re2 31. h4 (31. Rg6 $16) 31... Be4 32. Rd8+ Kh7 33. Re8 {Hoping for Re7.} Re3 (33... Rg2+ $11 {keeps the balance.} 34. Kf1 Bc6) 34. g4 $16 {aiming for Re7.} Rg3+ 35. Kf2 (35. Kh2 $16 Bc6 36. Rh8+ (36. Kxg3 Bxe8 37. h5 Bb5 $16) 36... Kxh8 37. Kxg3) 35... Rf3+ $11 {The position is equal.} 36. Ke2 Rxf4 37. Ke3 Bc6 38. Kxf4 Bxe8 39. Ke4 {Precision: White = 62%, Black = 67%.} 1/2-1/2

[Event "Schaakweek Apeldoorn GM 2018"]
[Site "Apeldoorn"]
[Date "2018.06.15"]
[Round "9"]
[White "Pijpers, Arthur"]
[Black "Hillarp Persson, Tiger"]
[Result "0-1"]
[WhiteElo "2479"]
[BlackElo "2546"]
[Annotator "TA"]
[PlyCount "96"]
[EventDate "2018.06.12"]
[EventType "tourn"]
[EventCountry "NED"]
[SourceTitle "playchess.com"]
[Source "ChessBase"]
[SourceQuality "1"]

{[%evp 10,96,50,42,40,42,40,40,39,45,44,33,53,37,50,29,124,116,129,72,64,64,80,4,66,60,71,42,50,51,39,45,58,55,62,-10,-6,-9,-13,-21,-13,-76,-68,-70,-80,-83,-104,-101,-43,-36,-44,-47,0,0,0,-31,-35,-74,-70,-55,-40,-40,-43,-47,0,0,30,31,38,-17,-12,-651,-647,-539,-534,-1134,-1100,-12839,-12838,-2550,-1925,-1868,-1052,-778,0,-1526,-1373,-12845,-12845]} 1. e4 g6 2. d4 Bg7 3. Nc3 d6 4. Be3 a6 5. Qd2 b5 6. O-O-O Bb7 {B06: Modern Defence} 7. f3 Nd7 8. g4 h6 {White is slightly better.} 9. h4 Ngf6 (9... Nb6 10. Bd3 Nf6 11. Nh3 Nfd7 12. d5 Ne5 13. Qf2 Rc8 {0-1 (41) Quesada Perez,Y (2627)-Petrosian,T (2606) chess.com INT 2018}) 10. Nh3 Nb6 11. d5 b4 $146 ({Predecessor:} 11... Nfd7 12. Bd4 Ne5 13. Qg2 b4 14. Nb1 {½-½ (49) Richter,L (2294)-Meissner,F (2270) Leipzig 2016}) 12. Nb1 Nfxd5 (12... a5 $1 $11) 13. exd5 $16 Nxd5 14. Bc4 (14. Bd4 $142 e5 15. Bf2) 14... Nxe3 15. Qxe3 e6 16. Bxe6 ({White should try} 16. g5 $16) 16... Qe7 (16... fxe6 $11 17. Qxe6+ Qe7 18. Qxg6+ Kd7) 17. Nf4 fxe6 18. Nxg6 ({Much weaker is} 18. Nxe6 $6 Be5 $15) 18... Qf6 19. Nxh8 {Hoping for Rd4.} Qxb2+ 20. Kd2 Qf6 21. g5 Qf5 22. Qd3 (22. gxh6 $14 Bxh8 23. Rhg1) 22... Bxh8 $11 23. Qxf5 exf5 24. Ke3 Kf7 25. Rhg1 (25. gxh6 $11 Kg6 26. Kf2) 25... hxg5 26. hxg5 Kg6 27. Kf2 a5 28. Rh1 Be5 ({Much worse is} 28... Kxg5 29. Rh7 $11) (28... Bb2 $17 29. Nd2 Bd4+ 30. Kg3 Be3) 29. Rh6+ $15 Kxg5 30. Rdh1 Bd4+ 31. Kg3 $1 {[%csl Gh6][%cal Rh1h5] [#]} Be5+ 32. Kf2 Bg7 33. R1h5+ Kf4 34. Rh4+ Ke5 35. Rg6 Rh8 36. Rc4 Bh6 {[#] Strongly threatening ...c5.} 37. Rxc7 Bd5 38. c4 $1 {[%cal Rc4d5]} Ba8 {next ...Bc1 is good for Black.} 39. Ra7 (39. Re7+ $14 Kd4 40. Rxd6+ Kxc4 41. Rc7+ Kb5 42. Rf6) 39... Bc1 $11 {And now ...Kf4 would win.} 40. Rxa5+ $2 {[%mdl 8192]} (40. Kg3 $11) 40... Kf4 $19 {( -> ...Be3+)} 41. Re6 {intending Re1.} Bxf3 42. Rxf5+ Kxf5 43. Rxd6 Bf4 44. Rd7 Bc6 45. Rf7+ Kg4 46. Rg7+ Kf5 (46... Bg5 $142 47. Nd2 Rh2+ 48. Ke1 Kf5) 47. Rf7+ Ke4 48. Rf6 Rh2+ {Precision: White = 47%, Black = 64%.} 0-1